00427nam a2200169Ia 4500003000400000005001700004008004100021020001800062050002600080100001500106245004700121260003500168300003300203440000600236521000700242526000800249OSt20140311163142.0140130s9999 xx 000 0 und d a9780717285891 aBJ 1631b.B434Bf 2005 aBerry, Joy aA book about being forgetful /cJoy Berry. bScholastic,c2005.aNew York : a25 p. :bcol. ill. ;c18 cm. v1 aG2 c300